RUBBERWOOD : a study of the world development potential

Bibliographic Details
Format: Book
Published: Geneva : International Trade Centre UNCTAD/GATT , 1993
Subjects:

MARC

LEADER 00000cam a2200000 7i4500
001 0000001898
005 20020411.0
090 0 0 |a 674.8   |b RUB 1993 
245 0 0 |a RUBBERWOOD :   |b a study of the world development potential 
260 0 0 |a Geneva :   |b International Trade Centre UNCTAD/GATT ,   |c 1993 
300 |a xvi, 99 p. ;   |c 30 cm. 
500 0 0 |a Bibliography : p. 97-99 
650 0 0 |a Rubber goods 
650 0 0 |a Wood products 
998 |a JPSM 
999 |a 0000003022   |b Monograph   |c Open Shelf   |e Default branch